[Event "61st ch-GRE 2011"]
[Site "Chania GRE"]
[Date "2011.11.30"]
[Round "4"]
[White "Nikolaidis,I"]
[Black "Galopoulos,N"]
[Result "1-0"]
[WhiteElo "2554"]
[BlackElo "2379"]

1.d4 Nf6 2.c4 e6 3.Nc3 Bb4 4.Qc2 O-O 5.a3 Bxc3+ 6.Qxc3 Ne4 7.Qc2 f5 8.Nh3 d6
9.f3 Nf6 10.e3 e5 11.dxe5 dxe5 12.Be2 Nc6 13.O-O a5 14.b3 f4 15.Nf2 Nh5 16.Bd3 g6
17.Re1 fxe3 18.Bxe3 Nf4 19.Bxf4 Rxf4 20.Be4 Bf5 21.Bxf5 Rxf5 22.Ng4 Kg7 23.Rad1 Qe7
24.Qb2 Rd8 25.Rd5 Rxd5 26.cxd5 Qc5+ 27.Ne3 Nd4 28.b4 axb4 29.axb4 Qb6 30.Nxf5+ gxf5
31.Qf2 Kf6 32.Kh1 Qd6 33.f4  1-0

[Event "Final Russian Rapid GP"]
[Site "Apatity RUS"]
[Date "2011.12.02"]
[Round "1.2"]
[White "Nepomniachtchi,I"]
[Black "Shomoev,A"]
[Result "1/2-1/2"]
[WhiteElo "2730"]
[BlackElo "2578"]

1.c4 Nf6 2.Nc3 e6 3.d4 Bb4 4.Qc2 O-O 5.a3 Bxc3+ 6.Qxc3 d6 7.g3 e5 8.dxe5 dxe5
9.Bg2 Nc6 10.Bg5 h6 11.Bxf6 Qxf6 12.Nf3 Bg4 13.O-O Rfe8 14.Rfd1 Rad8 15.h3 Bh5
16.g4 Bg6 17.e3 Be4 18.Nh2 Bxg2 19.Kxg2 Qg6 20.b4 e4 21.b5 Ne7 22.Rxd8 Rxd8
23.Qe5 Rd7 24.Nf1 f5 25.Ng3 fxg4 26.hxg4 Qxg4 27.Qxe4 Qxe4+ 28.Nxe4 b6 29.a4 Ng6
30.a5 Ne5 31.axb6 axb6 32.c5 Nd3 33.Ra7 Ne5 34.Rb7 bxc5 35.Nxc5 Rd2 36.Rxc7 Rb2
37.Ne6 Rxb5 38.Rxg7+ Kh8 39.f4 Nc4 40.Rg3 Rb2+ 41.Kh3 Nd6 42.Nd4 Ne4 43.Rg2 Rb1
44.Kg4 Rb6 45.Kf3 Nc5 46.f5 Nd7 47.Kf4 Nf6 48.e4 Rb4 49.Rd2 Kg7 50.Ne6+ Kf7
51.Rd4 Rb1 52.Nd8+ Ke8 53.Nc6 Rf1+ 54.Ke5 Kf7 55.Nd8+ Ke7 56.Nc6+ Kf7 57.Nd8+ Ke7
58.Nc6+ Kf7 59.Nd8+  1/2-1/2

[Event "Chin Van Xanddorj GM"]
[Site "Ulaanbaatar MGL"]
[Date "2011.12.06"]
[Round "1"]
[White "Shomoev,A"]
[Black "Badmatsyrenov,O"]
[Result "1-0"]
[WhiteElo "2578"]
[BlackElo "2464"]

1.d4 Nf6 2.c4 e6 3.Nc3 Bb4 4.Qc2 O-O 5.a3 Bxc3+ 6.Qxc3 b5 7.cxb5 c6 8.Bg5 cxb5
9.e3 h6 10.Bh4 Nc6 11.Bxb5 g5 12.Bxc6 dxc6 13.Bg3 Qd5 14.f3 Ba6 15.Ne2 Bxe2
16.Kxe2 Qb5+ 17.Kf2 Qf5 18.Kg1 g4 19.e4 Qg6 20.Qe3 Rad8 21.Re1 Rd7 22.Be5 gxf3
23.Qxf3 Ng4 24.Bg3 Rxd4 25.h3 Nf6 26.Kh2 Nxe4 27.Be5 Ng5 28.Qxc6 Rd3 29.Rhf1 Kh7
30.Bf4 Nxh3 31.gxh3 Rg8 32.Qe4 f5 33.Qe2 Rg3 34.Bxg3 Qxg3+ 35.Kh1 Qxh3+ 36.Qh2 Qb3
37.Rg1 Qf3+ 38.Rg2 f4 39.Kg1 Rc8 40.Qh4 Rc7 41.Qf6 Qd3 42.Qxf4  1-0

[Event "Chin Van Xanddorj GM"]
[Site "Ulaanbaatar MGL"]
[Date "2011.12.06"]
[Round "2"]
[White "Shomoev,A"]
[Black "Batchuluun,T"]
[Result "1/2-1/2"]
[WhiteElo "2578"]
[BlackElo "2446"]

1.d4 Nf6 2.c4 e6 3.Nc3 Bb4 4.Qc2 O-O 5.a3 Bxc3+ 6.Qxc3 d5 7.Nf3 dxc4 8.Qxc4 b6
9.Bg5 Ba6 10.Qa4 h6 11.Bh4 c5 12.dxc5 bxc5 13.Rc1 Qe7 14.g4 Bb7 15.Bg2 Nbd7
16.g5 hxg5 17.Bxg5 e5 18.Qh4 e4 19.Nd2 e3 20.Bxb7 exd2+ 21.Bxd2 Rab8 22.Rg1 Ne5
23.Be4 Rfe8 24.Bc3 Ng6 25.Bxf6 gxf6 26.Bf3 Rxb2 27.Qc4 Kf8 28.Kf1 Qe5 29.h4 Qd4
30.Rg4  1/2-1/2

[Event "80th Anniversary Mollet IM"]
[Site "Mollet del Valles ESP"]
[Date "2011.12.09"]
[Round "4"]
[White "Cruz,Jon"]
[Black "Colon Garcia,E"]
[Result "1-0"]
[WhiteElo "2386"]
[BlackElo "2301"]

1.d4 Nf6 2.c4 e6 3.Nc3 Bb4 4.Qc2 O-O 5.e4 d5 6.e5 Ne4 7.Bd3 c5 8.Ne2 cxd4
9.Nxd4 Nc5 10.O-O Nxd3 11.Qxd3 Nc6 12.Nf3 dxc4 13.Qxc4 Qa5 14.Re1 Ne7 15.Bd2 Bd7
16.a3 Bxc3 17.Bxc3 Qa4 18.Bb4 Rfe8 19.Ng5 Ng6 20.Ne4 a5 21.b3 Qc6 22.Bc3 b5
23.Qd4 Bc8 24.Rac1 Bb7 25.Bxa5 Qd5 26.Qxd5 Bxd5 27.Nd6 Reb8 28.Bc7 Rf8 29.g3 Bxb3
30.Nxb5 Ba4 31.Nd4 Rfe8 32.Bd6 Ne7 33.Rc4 Nd5 34.Rec1 h6 35.Nc6 Kh7 36.Nb4 Bb3
37.Rc5 Kg6 38.Rb1 Ba4 39.Nxd5 exd5 40.Rxd5 Ra6 41.Rc1 Kf5 42.f3 g5 43.Rc7 Ke6
44.Rd2 h5 45.Kf2 Bc6 46.Bb4 Bd5 47.Rc5 Rd8 48.f4 gxf4 49.gxf4 Rd7 50.f5+ Kxe5
51.Bc3+ Ke4 52.Rd4+ Kxf5 53.Rcxd5+ Rxd5 54.Rxd5+ Kg6 55.Bb4 Rf6+ 56.Kg2 Re6
57.Rd6  1-0

[Event "80th Anniversary Mollet IM"]
[Site "Mollet del Valles ESP"]
[Date "2011.12.10"]
[Round "6"]
[White "Bals Hernandez,J"]
[Black "Colon Garcia,E"]
[Result "1-0"]
[WhiteElo "2144"]
[BlackElo "2301"]

1.d4 Nf6 2.c4 e6 3.Nc3 Bb4 4.Qc2 O-O 5.a3 Bxc3+ 6.Qxc3 b6 7.Bg5 Ba6 8.e3 d6
9.Bd3 Nbd7 10.Ne2 h6 11.Bh4 Rc8 12.Qc2 c5 13.Qa4 Bb7 14.O-O cxd4 15.exd4 Bc6
16.Qd1 d5 17.cxd5 Bxd5 18.Ba6 Ra8 19.Nc3 Bc6 20.Rc1 g5 21.Bg3 Nb8 22.Bc4 Nd5
23.Qh5 Qf6 24.Be5 Qg6 25.Qxg6+ fxg6 26.Nxd5 Bxd5 27.Bxd5 exd5 28.Rc7 Rf7
29.Rc8+ Rf8 30.Rxf8+ Kxf8 31.f4 g4 32.f5 Nc6 33.fxg6+ Kg8 34.Rf5 Re8 35.Kf2 Re6
36.Rf6 Rxf6+ 37.Bxf6 Nb8 38.Kg3 Nd7 39.Be5 h5 40.Kf4 b5 41.Kf5 a5 42.Ke6 Nb6
43.b3 a4 44.bxa4 bxa4 45.Kd6 h4 46.Kc6 Nc4 47.Kxd5 Ne3+ 48.Ke6 Nxg2 49.d5 Ne3
50.d6 g3 51.d7  1-0

[Event "IV Amitan Mem GM"]
[Site "Donetsk UKR"]
[Date "2011.12.14"]
[Round "9"]
[White "Levin,Ev"]
[Black "Goganov,A"]
[Result "1-0"]
[WhiteElo "2486"]
[BlackElo "2484"]

1.d4 Nf6 2.c4 e6 3.Nc3 Bb4 4.Qc2 O-O 5.a3 Bxc3+ 6.Qxc3 d6 7.Bg5 Nbd7 8.Nf3 b6
9.Nd2 Bb7 10.f3 h6 11.Bh4 Rc8 12.e4 c5 13.Bd3 d5 14.exd5 exd5 15.O-O cxd4
16.Qxd4 dxc4 17.Nxc4 Nc5 18.Qxd8 Rcxd8 19.Be2 Rfe8 20.Rfe1 Nb3 21.Rad1 Nd4
22.Kf2 g5 23.Bg3 Nxe2 24.Rxd8 Rxd8 25.Rxe2 Nh5 26.Bc7 Rd7 27.Bb8 Ba6 28.Rd2 Nf6
29.Nd6 Kh7 30.b4 Kg6 31.a4 b5 32.Ra2 bxa4 33.Rxa4 Bd3 34.Rxa7 Rd8 35.Nxf7 Rxb8
36.Ne5+ Kf5 37.Nxd3 Rd8 38.Ra5+ Ke6 39.Nc5+ Kf7 40.Ra7+ Kg6 41.Ra6 Kf7 42.Ra7+ Kg6
43.Ra2 Rd4 44.Rb2 Nd5 45.b5 Nb6 46.Ne4 Rd5 47.g4 h5 48.gxh5+ Kh6 49.Kg3 Rf5
50.Rc2 Nd7 51.Rc6+ Kxh5 52.Kg2  1-0

[Event "TCh-ISR 2011-12"]
[Site "Israel ISR"]
[Date "2011.12.16"]
[Round "1.2"]
[White "Soffer,R"]
[Black "Abergel,T"]
[Result "1-0"]
[WhiteElo "2488"]
[BlackElo "2474"]

1.d4 Nf6 2.c4 e6 3.Nc3 Bb4 4.Qc2 O-O 5.e4 c5 6.e5 cxd4 7.a3 Ba5 8.exf6 dxc3
9.b4 Qxf6 10.bxa5 d5 11.Nf3 g6 12.Bg5 Qg7 13.Rd1 Nc6 14.cxd5 exd5 15.Rxd5 Bg4
16.Be2 Bxf3 17.Bxf3 Rfe8+ 18.Be3 Nd4 19.Qd3 Nxf3+ 20.gxf3 Qf6 21.Ke2 Rac8
22.Rc1 Rc6 23.Qd4 Qe6 24.Rd8 c2 25.Rxe8+ Qxe8 26.Qxa7 Qc8 27.Qd4 Qc7 28.Bh6 f6
29.Qd5+ Kh8 30.Kf1 Qc8 31.Kg2 Qe8 32.Qe4 Qxe4 33.fxe4 g5 34.Bf8 Kg8 35.Bb4 Kf7
36.Kf3 Ke6 37.Ke3 f5 38.exf5+ Kxf5 39.Kd3 Kg4 40.Rxc2 Rxc2 41.Kxc2 Kf3 42.Kd3 Kxf2
43.Ke4 h5 44.Kf5 g4 45.Bd6  1-0

[Event "UTD GM Invitational"]
[Site "Richardson USA"]
[Date "2011.12.16"]
[Round "3"]
[White "Holt,C"]
[Black "Sadorra,J"]
[Result "1-0"]
[WhiteElo "2461"]
[BlackElo "2506"]

1.d4 Nf6 2.c4 e6 3.Nc3 Bb4 4.Qc2 O-O 5.e4 d5 6.e5 Ne4 7.Bd3 c5 8.Nf3 cxd4
9.Nxd4 Nd7 10.Bf4 Qh4 11.g3 Qh3 12.cxd5 exd5 13.O-O-O Bxc3 14.bxc3 Nb6 15.Bf1 Qd7
16.f3 Nc5 17.Nb3 Qe7 18.Be3 Nxb3+ 19.axb3 Qxe5 20.Bd4 Qd6 21.Bd3 h6 22.c4 Be6
23.c5 Qe7 24.f4 Nd7 25.f5 Rfc8 26.fxe6 fxe6 27.Rhe1 Nxc5 28.Kb1 Nxd3 29.Qxd3 a5
30.Bb2 Qf7 31.Rf1 Qd7 32.Rf4 Re8 33.Rh4 Re7 34.Qg6 Qe8 35.Rxh6 Qxg6+ 36.Rxg6 a4
37.Re1 a3 38.Bd4 Ra6 39.Ka2 Kh7 40.Rg5 Rc7 41.Re2 b5 42.b4 Rc4 43.Rxg7+ Kh6
44.Rg4 Kh5 45.h3 Rxb4 46.Re5+ Kh6 47.Be3+ Kh7 48.Rh5+  1-0

[Event "Zuerich Weihnachtsopen Masters"]
[Site "Zuerich SUI"]
[Date "2011.12.26"]
[Round "1"]
[White "Wuethrich,L"]
[Black "Pelletier,Y"]
[Result "0-1"]
[WhiteElo "2136"]
[BlackElo "2581"]

1.d4 Nf6 2.c4 e6 3.Nc3 Bb4 4.Qc2 O-O 5.Nf3 c5 6.dxc5 Nc6 7.a3 Bxc5 8.Bg5 Be7
9.e3 b6 10.Be2 Bb7 11.O-O Rc8 12.Rfd1 a6 13.Qd2 d6 14.Bxf6 gxf6 15.b4 Nb8
16.e4 Kh8 17.Rac1 Nd7 18.Qe3 Rg8 19.Nd4 Ne5 20.Na4 f5 21.Nf3 Nxf3+ 22.Bxf3 Bg5
23.Qc3+ Rg7 24.exf5 Bxf3 25.Qxf3 Bxc1 26.Rxc1 b5 27.Nb2 Qf6  0-1

[Event "Zuerich Weihnachtsopen Masters"]
[Site "Zuerich SUI"]
[Date "2011.12.26"]
[Round "1"]
[White "Schiendorfer,F"]
[Black "Alekseev,Evgeny"]
[Result "0-1"]
[WhiteElo "2175"]
[BlackElo "2670"]

1.d4 Nf6 2.c4 e6 3.Nc3 Bb4 4.Qc2 O-O 5.a3 Bxc3+ 6.Qxc3 d6 7.g3 e5 8.d5 c6
9.Bg2 cxd5 10.cxd5 Bf5 11.Bg5 Nbd7 12.e4 Bxe4 13.Bxe4 Nxe4 14.Bxd8 Nxc3 15.Be7 Rfe8
16.Bxd6 Nxd5 17.Ne2 N7b6 18.O-O Red8 19.Bc5 Nc4 20.Ra2 Nd2 21.Rd1 Nb3 22.Bb4 Rac8
23.Rd3 Nc1 24.Nxc1 Rxc1+ 25.Kg2 Nf4+ 26.gxf4 Rxd3 27.fxe5 h5 28.Bc3 h4  0-1

[Event "20th Aschacher Donau"]
[Site "Aschach AUT"]
[Date "2011.12.28"]
[Round "4"]
[White "Neuman,P"]
[Black "Sadilek,P"]
[Result "1-0"]
[WhiteElo "2459"]
[BlackElo "2210"]

1.d4 Nf6 2.c4 e6 3.Nc3 Bb4 4.Qc2 O-O 5.a3 Bxc3+ 6.Qxc3 d5 7.Nf3 b6 8.cxd5 Nxd5
9.Qc2 Bb7 10.e4 Nf6 11.Bd3 h6 12.O-O Nbd7 13.b4 c5 14.dxc5 bxc5 15.Rd1 Qe7
16.Qe2 Rfd8 17.Bf4 Rac8 18.Bc2 Nf8 19.b5 Ng6 20.Bd2 c4 21.Bb4 Qc7 22.Qe3 Ng4
23.Rxd8+ Rxd8 24.Qc5 Qf4 25.h3 Nf6 26.Qxa7 Bxe4 27.Bxe4 Qxe4 28.Qe7 Ra8 29.Re1 Qd5
30.b6 Ne8 31.Qc5 Qb7 32.Qd4 Rb8 33.Bc5 Qc6 34.Rc1 Nf6 35.Rxc4 Nd5 36.Ne5 Nxe5
37.Qxe5 Rxb6 38.Bd4 Rb1+ 39.Kh2 f6 40.Rxc6 fxe5 41.Bxe5 Kf7 42.Rc2 Rb3 43.Ra2 Rb5
44.Rb2 Rxb2 45.Bxb2 Nb6 46.Bd4 Nc4 47.a4 e5 48.Bc3 Ke6 49.Kg3 g6 50.Kg4 Nd6
51.a5  1-0

[Event "20th Aschacher Donau"]
[Site "Aschach AUT"]
[Date "2011.12.28"]
[Round "4"]
[White "Handler,L"]
[Black "Wertjanz,Dav"]
[Result "1-0"]
[WhiteElo "2327"]
[BlackElo "2235"]

1.d4 Nf6 2.c4 e6 3.Nc3 Bb4 4.Qc2 O-O 5.a3 Bxc3+ 6.Qxc3 b5 7.cxb5 c6 8.bxc6 Nxc6
9.Nf3 Ba6 10.b4 Ne4 11.Qb2 d5 12.g3 Bc4 13.Bg2 Rb8 14.O-O a5 15.Ne5 Nxe5
16.dxe5 Nc5 17.Rb1 Na6 18.Qd2 Qc7 19.Re1 Qxe5 20.Bb2 Qc7 21.bxa5 Nc5 22.Bc3 Nb3
23.Qe3 d4 24.Bxd4 Qxa5 25.Be5 Rb5 26.Bd6 Rc8 27.Bb4 Qa4 28.Be4 Na5 29.Rec1 Rbb8
30.Bc2 Bb3 31.Bxb3 Rxc1+ 32.Qxc1 Nxb3 33.Qc2  1-0

[Event "10th Nantes Open"]
[Site "Nantes FRA"]
[Date "2011.12.28"]
[Round "4.1"]
[White "Lazarev,V"]
[Black "Petkov,V"]
[Result "1/2-1/2"]
[WhiteElo "2430"]
[BlackElo "2542"]

1.d4 Nf6 2.c4 e6 3.Nc3 Bb4 4.Qc2 O-O 5.a3 Bxc3+ 6.Qxc3 d5 7.e3 b6 8.cxd5 Qxd5
9.f3 Ba6 10.Bxa6 Nxa6 11.Ne2  1/2-1/2

[Event "Cracovia Comarch Cup"]
[Site "Krakow POL"]
[Date "2011.12.29"]
[Round "3.4"]
[White "Rajlich,I"]
[Black "Duda,J"]
[Result "0-1"]
[WhiteElo "2428"]
[BlackElo "2379"]

1.d4 Nf6 2.c4 e6 3.Nc3 Bb4 4.Qc2 O-O 5.e4 d5 6.e5 Ne4 7.Bd3 c5 8.a3 Bxc3+
9.bxc3 cxd4 10.cxd4 Nc6 11.Bb2 f5 12.exf6 Qa5+ 13.Ke2 Nxf6 14.Nf3 dxc4 15.Bxc4 Qh5
16.Rad1 Nd5 17.Bc1 Bd7 18.Kf1 Na5 19.Bd3 Rac8 20.Qd2 Nf4 21.d5 Nb3 22.Qb2 Rxc1
23.Qxb3 Nxd3 24.Rxc1 Rxf3 25.Kg1 Qg5 26.Qd1  0-1

[Event "28th Travemuender Open"]
[Site "Travemuende GER"]
[Date "2011.12.29"]
[Round "6"]
[White "Maiorov,N1"]
[Black "Salov,S"]
[Result "1/2-1/2"]
[WhiteElo "2558"]
[BlackElo "2267"]

1.d4 Nf6 2.c4 e6 3.Nc3 Bb4 4.Qc2 O-O 5.a3 Bxc3+ 6.Qxc3 d5 7.e3 dxc4 8.Bxc4 b6
9.Ne2 Ba6 10.Bxa6 Nxa6 11.b4 c5 12.Qc4 Qc8 13.dxc5 bxc5 14.b5 Nb8 15.Bb2 Nbd7
16.O-O a6 17.a4 axb5 18.axb5 Qb7 19.Nc3 Rxa1 20.Rxa1 Ra8 21.Rd1 h6 22.h3 Rc8
23.Rd6 Ne8 24.Rd1 Nef6 25.Ra1 Ra8 26.Ra4 Rb8 27.Ra5 Qc7 28.Qa2 Nd5 29.Nxd5 exd5
30.Ra7 Qd6 31.Ra6 Rb6 32.Qa5 d4 33.exd4 cxd4 34.Ba3 Qg6 35.Rxb6 Nxb6 36.Bc5 Nc4
37.Qd8+ Kh7 38.b6 Qb1+ 39.Kh2 d3 40.b7 d2 41.b8=Q Qxb8+ 42.Qxb8 d1=Q 43.Be3 Nd2
44.Bxd2  1/2-1/2

[Event "Cracovia Open A"]
[Site "Krakow POL"]
[Date "2011.12.30"]
[Round "4.12"]
[White "Grinev,V"]
[Black "Wandzik,W"]
[Result "1-0"]
[WhiteElo "2396"]
[BlackElo "2239"]

1.d4 Nf6 2.c4 e6 3.Nc3 Bb4 4.Qc2 O-O 5.a3 Bxc3+ 6.Qxc3 d6 7.Bg5 Nbd7 8.Nf3 h6
9.Bh4 b6 10.e3 Bb7 11.Be2 Qe8 12.Nd2 Ne4 13.Nxe4 Bxe4 14.f3 Bb7 15.O-O f5
16.b4 Nf6 17.Rac1 a5 18.b5 g5 19.Bg3 g4 20.c5 gxf3 21.gxf3 Nd5 22.Qd2 f4
23.exf4 dxc5 24.dxc5 Rd8 25.c6 Bc8 26.f5 Rxf5 27.Qxh6 Rh5 28.Qd2 Qg6 29.f4 Rh3
30.Bf3 Rf8 31.Bg2 Rh5 32.a4 Rf7 33.Rce1 Rg7 34.Bf3 Rh3 35.Re5 Rxg3+ 36.hxg3 Qxg3+
37.Bg2 Nf6 38.Rg5 Ng4 39.Rf3 Qh2+ 40.Kf1 Rxg5 41.fxg5  1-0

[Event "Cracovia Open A"]
[Site "Krakow POL"]
[Date "2011.12.30"]
[Round "4.38"]
[White "Stremavicius,T"]
[Black "Pettersson,Al"]
[Result "0-1"]
[WhiteElo "2179"]
[BlackElo "1950"]

1.d4 Nf6 2.c4 e6 3.Nc3 Bb4 4.Qc2 O-O 5.a3 Bxc3+ 6.Qxc3 b6 7.Nf3 Ne4 8.Qc2 Bb7
9.e3 d6 10.Be2 Nd7 11.O-O f5 12.b4 Rf6 13.Bb2 Rh6 14.Rac1 c5 15.Rfd1 g5 16.g3 g4
17.Ne1 Qg5 18.d5 e5 19.bxc5 Ndxc5 20.Nd3 Rf8 21.Nxe5 dxe5 22.Bxe5 Nxf2 23.Re1 Nce4
24.h4 gxh3 25.Bf4 h2+ 26.Kg2 Qg6 27.Rh1 Rh3 28.g4 fxg4 29.Bd3 Rxf4 30.exf4 Nxd3
31.Rhe1 Nxf4+  0-1

[Event "20th Aschacher Donau"]
[Site "Aschach AUT"]
[Date "2011.12.31"]
[Round "7"]
[White "Handler,L"]
[Black "Sadilek,P"]
[Result "1/2-1/2"]
[WhiteElo "2327"]
[BlackElo "2210"]

1.d4 Nf6 2.c4 e6 3.Nc3 Bb4 4.Qc2 O-O 5.a3 Bxc3+ 6.Qxc3 d5 7.Bg5 dxc4 8.Qxc4 b6
9.Rd1 Ba6 10.Qa4 Qd7 11.Qxd7 Nbxd7 12.Nf3 Ne4 13.e3 Bxf1 14.Kxf1 f6 15.Bf4 Rac8
16.Ke2 c5 17.d5 e5 18.Bg3 c4 19.Nd2 Nd6 20.Rc1 Rc5 21.e4 Rfc8 22.f3 c3 23.bxc3 Rxc3
24.Rxc3 Rxc3 25.Ra1 Nb5 26.a4 Nd4+ 27.Kd1 Nc5 28.Bf2 Kf7 29.a5 b5 30.Bxd4 exd4
31.Rc1 a6 32.Rc2 Ke7 33.Nb1 Rxc2 34.Kxc2 Kd6 35.Nd2 f5 36.Nb3 Nb7 37.Kd3 fxe4+
38.fxe4 Nc5+ 39.Nxc5 Kxc5 40.Kc2 g6 41.Kd3 g5 42.g4  1/2-1/2

[Event "XXIII Roquetas Open"]
[Site "Roquetas de Mar ESP"]
[Date "2012.01.04"]
[Round "5"]
[White "Maiorov,N1"]
[Black "Anton Guijarro,D"]
[Result "1/2-1/2"]
[WhiteElo "2564"]
[BlackElo "2474"]

1.d4 Nf6 2.c4 e6 3.Nc3 Bb4 4.Qc2 O-O 5.a3 Bxc3+ 6.Qxc3 d5 7.e3 b6 8.Nf3 Bb7
9.b3 Nbd7 10.Be2 c5 11.O-O dxc4 12.bxc4 Rc8 13.Rd1 Qc7 14.Bb2 Bxf3 15.gxf3 cxd4
16.Qxd4 e5 17.Qd6 Rfe8 18.Qxc7 Rxc7 19.a4 a5 20.Rd6 Re6 21.Rxe6 fxe6 22.Rd1 Rc6
23.c5 Rxc5 24.Bb5 Rc7 25.Ba3 Kf7 26.Bd6 Rc2 27.h3 h6 28.Kg2 g5 29.Kg1 Rc3
30.Kf1 Rc8 31.Kg1 Rc2 32.Kf1 Rc8 33.Kg1 Rc2  1/2-1/2

[Event "TCh-BEL 2011-12"]
[Site "Belgium BEL"]
[Date "2012.01.15"]
[Round "6.1"]
[White "Michiels,B"]
[Black "Czebe,A"]
[Result "0-1"]
[WhiteElo "2501"]
[BlackElo "2513"]

1.d4 Nf6 2.c4 e6 3.Nc3 Bb4 4.Qc2 O-O 5.a3 Bxc3+ 6.Qxc3 b6 7.Bg5 Bb7 8.f3 c5
9.dxc5 bxc5 10.e3 Qe7 11.Nh3 d5 12.Bxf6 Qxf6 13.Qxf6 gxf6 14.cxd5 Bxd5 15.Nf4 Nd7
16.O-O-O Nb6 17.Nxd5 exd5 18.Ba6 Rab8 19.Rhe1 Rfd8 20.Re2 Na4 21.Red2 Rd6
22.Bc4 Rdb6 23.Bxd5 Nxb2 24.Rf1 Na4 25.Be4 Nc3 26.Rff2 Ra6 27.Rd7 Rxa3 28.Rb2 Rb4
29.Bd3 a5 30.Rxb4 axb4 31.Bc4 Na4 32.Bxf7+ Kf8 33.e4 c4 34.Rb7 Ra1+ 35.Kd2 c3+
36.Kc2 Rg1 37.Bb3 Rxg2+ 38.Kc1 Nc5 39.Rb8+ Ke7 40.Bc4 b3 41.Bxb3 Rb2  0-1

[Event "TCh-BEL 2011-12"]
[Site "Belgium BEL"]
[Date "2012.01.15"]
[Round "6.8"]
[White "Bertrem,S"]
[Black "Van Heirzeele,D"]
[Result "1/2-1/2"]
[WhiteElo "2223"]
[BlackElo "2161"]

1.d4 Nf6 2.c4 e6 3.Nc3 Bb4 4.Qc2 O-O 5.a3 Bxc3+ 6.Qxc3 b5 7.Bg5 bxc4 8.e3 d5
9.Bxf6 Qxf6 10.b3 cxb3 11.Nf3 a5 12.Bd3 Ba6 13.Ne5 Bxd3 14.Nxd3 a4 15.O-O Qe7
16.Rfc1 Rc8 17.Qb2 Nd7 18.Qc3 Nb6 19.Nb2 Ra7 20.Qc6 Qd6 21.Qb5 Rca8 22.Rc6 Qe7
23.Rc5 Nd7 24.Rc6 Rb8 25.Qe2 Rb6 26.Rc3 g6 27.e4 dxe4 28.Qxe4 Nf6 29.Qe5 Nd5
30.Rc5 Qd6 31.Qg5 f6 32.Qg4 Rc6 33.Rac1 Raa6 34.Qe2 e5 35.Nxa4 exd4 36.Rxc6 Rxc6
37.Qe8+ Kg7 38.Qxc6 Qxa3 39.Qd7+ Kh6 40.Rb1 Nf4 41.Qb5 c5 42.Nxc5 d3 43.Ne4 Qa8
44.Qb4 f5 45.f3 fxe4 46.Qxe4 Qxe4 47.fxe4 Ne2+ 48.Kf1 Nc3 49.Rb2 Nxe4  1/2-1/2

[Event "10th Parsvnath Open"]
[Site "New Delhi IND"]
[Date "2012.01.15"]
[Round "2"]
[White "Chakravarthi,Y"]
[Black "Akshayraj,K"]
[Result "1/2-1/2"]
[WhiteElo "2038"]
[BlackElo "2386"]

1.d4 Nf6 2.c4 e6 3.Nc3 Bb4 4.Qc2 O-O 5.a3 Bxc3+ 6.Qxc3 d5 7.e3 b6 8.b4 c5
9.Bb2 Ne4 10.Qc2 Nd7 11.Nf3 Qe7 12.Bd3 Ba6 13.cxd5 Bxd3 14.Qxd3 exd5 15.dxc5 bxc5
16.Qxd5 cxb4 17.O-O Ndf6 18.Qa5 b3 19.Nd4 Rfc8 20.Rac1 Qb7 21.f3 Nd6 22.Qg5 Qd5
23.Qxd5 Nxd5 24.Nc6 Rc7 25.Rfd1 Nc4 26.Rxd5 Nxb2  1/2-1/2

[Event "10th Parsvnath Open"]
[Site "New Delhi IND"]
[Date "2012.01.17"]
[Round "4"]
[White "Karthikeyan,P2"]
[Black "Prince,Ba"]
[Result "1-0"]
[WhiteElo "2402"]
[BlackElo "2222"]

1.d4 Nf6 2.c4 e6 3.Nc3 Bb4 4.Qc2 O-O 5.a3 Bxc3+ 6.Qxc3 b6 7.Bg5 Bb7 8.Nf3 d6
9.Nd2 Nbd7 10.f3 h6 11.Bh4 Rc8 12.e3 c5 13.dxc5 Rxc5 14.b4 Rc8 15.Qb2 Ne5
16.Be2 Ng6 17.Bf2 Nh5 18.O-O f5 19.Rfd1 f4 20.e4 Qg5 21.Nb3 Bxe4 22.Nd4 Bf5
23.Nxf5 Rxf5 24.Rxd6 Rf6 25.Rad1 Ne5 26.h4 Qf5 27.Rd8+ Rf8 28.Rxf8+ Rxf8
29.Qb1 Ng3 30.Bxg3 fxg3 31.Qxf5 exf5 32.c5 bxc5 33.bxc5 Rf6 34.f4 Nc6 35.Bc4+ Kf8
36.Kf1 Ke7 37.Ke2 g5 38.hxg5 hxg5 39.fxg5 Rg6 40.Rd6 Rxd6 41.cxd6+ Kxd6 42.g6 Nd4+
43.Ke3 Ne6 44.Bxe6 Kxe6 45.Kf4 Kf6 46.g7 Kxg7 47.Kxf5 a5 48.Kg4 Kf6 49.Kxg3 Kg5
50.Kf3 a4 51.Ke4 Kg4 52.Kd4 Kg3 53.Kc4 Kxg2 54.Kb4 Kf3 55.Kxa4 Ke4 56.Kb5 Kd5
57.a4 Kd6 58.Kb6  1-0

[Event "11th Prague Open A"]
[Site "Prague CZE"]
[Date "2012.01.20"]
[Round "9"]
[White "Bernadskiy,V"]
[Black "Chudinovskikh,A"]
[Result "1/2-1/2"]
[WhiteElo "2462"]
[BlackElo "2276"]

1.d4 Nf6 2.c4 e6 3.Nc3 Bb4 4.Qc2 O-O 5.a3 Bxc3+ 6.Qxc3 d5 7.Nf3 dxc4 8.Qxc4 b6
9.Bg5 Ba6 10.Qa4 Qd7 11.Qc2 Nc6 12.Rd1 Rad8 13.Rd2 h6 14.Bxf6 gxf6 15.g3 Na5
16.e4 Bxf1 17.Kxf1 Qb5+ 18.Kg2 c5 19.dxc5 Qxc5 20.b4 Qxc2 21.Rxc2 Nb3 22.Rc7 a5
23.Rb7 axb4 24.axb4 Nd2 25.Nxd2 Rxd2 26.Rxb6 Rc8 27.b5 Rcc2 28.Rf1 Rb2 29.Rb7 Rdc2
30.h4 h5 31.b6 Kg7 32.g4 hxg4 33.h5 f5 34.exf5 exf5 35.Kg3 Rc3+ 36.f3 Kf6
37.h6 Kg6 38.Rc7  1/2-1/2

[Event "12th ch-CRO"]
[Site "Opatija CRO"]
[Date "2012.01.26"]
[Round "10.5"]
[White "Kuljasevic,D"]
[Black "Zelcic,R"]
[Result "1-0"]
[WhiteElo "2569"]
[BlackElo "2558"]

1.d4 Nf6 2.c4 e6 3.Nc3 Bb4 4.Qc2 O-O 5.a3 Bxc3+ 6.Qxc3 b6 7.Bg5 h6 8.Bh4 Ba6
9.e3 d6 10.Bd3 Nbd7 11.Ne2 c5 12.Qc2 Rc8 13.Qa4 cxd4 14.exd4 Nb8 15.Rd1 d5
16.cxd5 Bxd3 17.Rxd3 exd5 18.O-O Qe8 19.Qxe8 Rfxe8 20.Nc3 Nbd7 21.f3 a6 22.Kf2 g5
23.Bg3 Nh5 24.Re1 Rxe1 25.Kxe1 Nxg3 26.hxg3 Nf6 27.Kd2 Kf8 28.Re3 b5 29.g4 b4
30.axb4 Rc4 31.Ne2 Rxb4 32.Kc2 Rb6 33.Ng3 Ne8 34.Rb3 Re6 35.Rb8 Kg7 36.Rd8 Nf6
37.Nf5+ Kh7 38.Rf8 Rc6+ 39.Kd3 Rc7 40.Ra8 Rb7 41.Rxa6 Kg6 42.Nd6 Rb8 43.b4 Nd7
44.b5 Nf8 45.Kc3 f6 46.Kb4 h5 47.b6 hxg4 48.fxg4 Ne6 49.b7 Nd8 50.Ra8 Nxb7
51.Rxb8 Nxd6 52.Kc5 Ne4+ 53.Kxd5 Nf2 54.Ke6 Nxg4 55.d5  1-0

[Event "Moscow Open A 2012"]
[Site "Moscow RUS"]
[Date "2012.01.28"]
[Round "1"]
[White "Glidzhain,G"]
[Black "Iordachescu,V"]
[Result "0-1"]
[WhiteElo "2381"]
[BlackElo "2651"]

1.d4 Nf6 2.c4 e6 3.Nc3 Bb4 4.Qc2 O-O 5.Nf3 d6 6.g3 b6 7.Bg2 Bb7 8.O-O Nbd7
9.Na4 d5 10.c5 bxc5 11.Nxc5 Bxc5 12.dxc5 c6 13.Bf4 Ne4 14.b4 a5 15.Ne5 Nxe5
16.Bxe5 f6 17.Bxe4 fxe5 18.Bxh7+ Kh8 19.Qg6 Rf5 20.bxa5 Qe7 21.Rab1 Rf6 22.Qc2 e4
23.Bxe4 dxe4 24.Qxe4 Rxa5 25.Rfd1 Kg8 26.Qb4 Rb5 27.Qc3 Ba6 28.Rxb5 Bxb5
29.Qe3 e5 30.Ra1 Rf8 31.a3 Rd8 32.h4 Rd4 33.Rc1 Qe6 34.Kh2 Qd5 35.Rc2 Re4
36.Qf3 Bxe2 37.Qc3 Rc4 38.Qd2 Rxc2 39.Qxc2 Bd3 40.Qd1 Qd4 41.Qd2 Bc4 42.Qc2 Bd5
43.Kh3 Be4 44.Qb3+ Kh7 45.f3 Bd3 46.Kg2 e4 47.Qf7 exf3+ 48.Kxf3 Be4+ 49.Ke2 Qd3+
50.Kf2 Qd2+ 51.Kf1 Qg2+ 52.Ke1 Qxg3+ 53.Qf2 Qxa3  0-1

[Event "17th HIT Open A"]
[Site "Nova Gorica SLO"]
[Date "2012.01.28"]
[Round "3"]
[White "Doric,D"]
[Black "Tonon,A"]
[Result "1-0"]
[WhiteElo "2511"]
[BlackElo "2235"]

1.d4 Nf6 2.c4 e6 3.Nc3 Bb4 4.Qc2 O-O 5.a3 Bxc3+ 6.Qxc3 b6 7.Bg5 Bb7 8.f3 h6
9.Bh4 d6 10.Nh3 Nbd7 11.Nf2 c5 12.dxc5 bxc5 13.Ng4 Re8 14.Nxf6+ Nxf6 15.Bxf6 Qxf6
16.Qxf6 gxf6 17.e4 d5 18.exd5 exd5+ 19.Kd2 Rad8 20.Kc2 dxc4 21.Bxc4 Rd4 22.Bb5 Rb8
23.Rad1 Bxf3 24.Rxd4 cxd4 25.Bd3 Bc6 26.Rf1 Ba4+ 27.Kc1 Bb5 28.Bxb5 Rxb5
29.Rxf6 Rh5 30.h3 Rg5 31.g4 Rc5+ 32.Kd2 Rb5 33.Kc2 d3+ 34.Kc3 Rd5 35.Kd2 Rb5
36.b4 a5 37.Rf5 Rxf5 38.gxf5  1-0

[Event "TCh-CZE Liga 1 Zapad"]
[Site "Czech Rep CZE"]
[Date "2012.01.29"]
[Round "7.6"]
[White "Pokorny,P"]
[Black "Jurek,J"]
[Result "1/2-1/2"]
[WhiteElo "2262"]
[BlackElo "2337"]

1.d4 e6 2.c4 Nf6 3.Nc3 Bb4 4.Qc2 O-O 5.a3 Bxc3+ 6.Qxc3 b5 7.cxb5 c6 8.Bg5 cxb5
9.e3 Bb7 10.Nf3 a6 11.Bd3 h6 12.Bh4 d6 13.O-O Nbd7 14.Rac1 Qb6 15.Qc7 Rfc8
16.Qxb6 Nxb6 17.Bg3  1/2-1/2

[Event "Moscow Open A 2012"]
[Site "Moscow RUS"]
[Date "2012.01.29"]
[Round "2"]
[White "Dobrov,V"]
[Black "Bartel,Mat"]
[Result "0-1"]
[WhiteElo "2496"]
[BlackElo "2658"]

1.d4 Nf6 2.c4 e6 3.Nc3 Bb4 4.Qc2 O-O 5.a3 Bxc3+ 6.Qxc3 b6 7.Bg5 h6 8.Bh4 Bb7
9.f3 Nc6 10.e3 Re8 11.Bd3 d5 12.Ne2 e5 13.O-O-O exd4 14.Nxd4 Nxd4 15.Qxd4 c5
16.Qc3 Rxe3 17.Bxf6 Qxf6 18.Bh7+ Kxh7 19.Qxe3 d4 20.Qe2 Bc6 21.Rde1 Rd8 22.Qd3+ g6
23.h4 Kg7 24.Kb1 Bd7 25.g4 Be6 26.b3 a6 27.h5 g5 28.a4 Rb8 29.Rhf1 b5 30.cxb5 axb5
31.Rxe6 Qxe6 32.axb5 Qd7 33.f4 Qxb5 34.Qxb5 Rxb5 35.fxg5 Rxb3+ 36.Ka2 Rb7
37.gxh6+ Kxh6 38.Rf5 c4 39.Rd5 d3 40.Rd4 Kg5 41.Rxc4 Rd7 42.Rc1 d2 43.Rd1 Kxg4
44.h6 f5 45.Kb3 Kf3  0-1